|
|
|
|
| LEADER |
00000nab a2200000 ar4500 |
| 001 |
vtls009289500 |
| 003 |
SK-MaSNL |
| 005 |
20260426070830.0 |
| 008 |
080425c2008 xo wr|p|||||||000 b|slo |
| 015 |
|
|
|a SNBRBL2008/05
|2 snkbucl
|
| 038 |
|
|
|a SNKBUCL
|
| 040 |
|
|
|a SNKBUCL
|b slo
|c SNKBUCL
|e AACR2
|
| 041 |
0 |
|
|a slo
|
| 044 |
|
|
|a xo
|c SK
|
| 080 |
|
|
|a 339.96
|x (4:437.6)
|2 2001
|
| 080 |
|
|
|a 339.923
|x (4:437.6)
|2 2001
|
| 245 |
0 |
0 |
|a Národný strategický referenčný rámec 2007-2013 - možnosti, riziká, poznatky
|b (materiál na rokovanie Rady ZMOS 4. a 5. marca)
|
| 300 |
|
|
|b Tab.
|
| 610 |
2 |
7 |
|a Európska únia
|2 snkbucl
|9 29861
|
| 648 |
|
7 |
|a 2007-2013
|2 snkbucl
|9 328536
|
| 650 |
0 |
7 |
|a fondy
|2 snkbucl
|9 306658
|
| 650 |
0 |
7 |
|a finančné prostriedky
|2 snkbucl
|9 834257
|
| 650 |
0 |
7 |
|a čerpanie
|2 snkbucl
|9 879034
|
| 651 |
|
7 |
|a Slovensko
|2 snkbucl
|9 14231
|
| 773 |
0 |
|
|t Obecné noviny
|g Roč. XVIII, č. 13 (2008), s. 8-9
|
| 852 |
|
|
|a SNK
|b KIS3GCP
|
| 999 |
|
|
|c 2671645
|d 2673575
|